[Event "HUN-ch U10"]
[Site "Tapolca"]
[Date "2020.08.17"]
[Round "4"]
[White "Szabo, Akos1111"]
[Black "Kellermann, Botond"]
[Result "1-0"]
[WhiteElo "1517"]
[BlackElo "1291"]
[PlyCount "75"]
[EventDate "2020.08.15"]
[EventType "swiss"]
[EventRounds "7"]
[EventCountry "HUN"]
[SourceTitle "EXT 2023"]
[Source "ChessBase"]
[SourceDate "2022.10.05"]
[SourceVersion "1"]
[SourceVersionDate "2022.10.05"]
[SourceQuality "1"]
[WhiteTeam "Hungary"]
[BlackTeam "Hungary"]
[WhiteTeamCountry "HUN"]
[BlackTeamCountry "HUN"]

1. e4 c6 2. d4 d5 3. Nc3 dxe4 4. Nxe4 Bf5 5. Nc5 Qc7 6. Nf3 Nf6 7. Bc4 Nbd7 8. Nxd7 Nxd7 9. c3 e6 10. Be3 Bd6 11. h3 h6 12. 0-0 0-0 13. Qd2 Kh7 14. Nh4 Be4 15. f3 Bg3 16. fxe4 Bxh4 17. Bd3 g5 18. e5+ Kg7 19. Rf3 f5 20. g3 f4 21. gxf4 gxf4 22. Rxf4 Rxf4 23. Bxf4 Rh8 24. Qg2+ Kf8 25. Rf1 Ke8 26. Qg7 Rf8 27. Bxh6 Be7 28. Qg6+ Kd8 29. Bxf8 Nxf8 30. Qg8 Qd7 31. Rxf8+ Bxf8 32. Qxf8+ Kc7 33. Qd6+ Qxd6 34. exd6+ Kxd6 35. h4 Ke7 36. h5 Kf7 37. h6 Kg8 38. Kf2 1-0

[Event "HUN--chT U12"]
[Site "Budapest"]
[Date "2019.10.28"]
[Round "4.3"]
[White "Meszaros, Jazmin"]
[Black "Kellermann, Botond"]
[Result "0-1"]
[WhiteElo "1171"]
[BlackElo "1274"]
[PlyCount "63"]
[EventDate "2019.10.26"]
[EventType "team-swiss"]
[EventRounds "7"]
[EventCountry "HUN"]
[SourceTitle "CBM 192 Extra"]
[Source "Chessbase"]
[SourceDate "2019.11.06"]
[SourceVersion "1"]
[SourceVersionDate "2019.11.06"]
[SourceQuality "1"]
[WhiteTeam "Csepel"]
[BlackTeam "Kobanya Aquarena II"]
[WhiteTeamCountry "HUN"]
[BlackTeamCountry "HUN"]

1. e4 c6 2. d4 d5 3. Nc3 dxe4 4. Nxe4 Bf5 5. Bd3 Qxd4 6. Be3 Qd8 7. Qe2 Bxe4 8. Bxe4 Nf6 9. Bd3 Nbd7 10. Nf3 g6 11. 0-0 Bg7 12. Qd2 0-0 13. Bh6 Ng4 14. Bxg7 Kxg7 15. Qb4 Ngf6 16. Qxb7 Qc8 17. Qb4 Nd5 18. Qd4+ Kg8 19. Qh4 Rb8 20. Ng5 N7f6 21. Rab1 Qg4 22. Qh6 Qh5 23. Qxh5 Nxh5 24. Rfe1 Rb6 25. Re4 Nc3 26. Rbe1 Nxe4 27. Rxe4 Rxb2 28. Rxe7 h6 29. Nf3 Rfb8 30. Ne5 Nf4 31. Bf1 Rxc2 32. Nxf7 0-1